00422nam a2200169Ia 450000500170000000800410001702000240005804000190008204100120010108200110011310000140012424500370013826000320017530000120020765000230021985000100024220230824102745.0131103s9999 xx 000 0 und d a340834528cGBP 2.50 aLoreto College aEnglish aFbILE aIles,Grey 4aThe footprints of GodcGrey Iles aLondonbCoronet Booksc2003 a520 p.  aFiction in English aLCLIB